| 000 | 00518nam a2200229Ia 4500 | ||
|---|---|---|---|
| 003 | OSt | ||
| 005 | 20221005122843.0 | ||
| 006 | a|||||r|||| 00| 0 | ||
| 007 | ta | ||
| 008 | 221004b |||||||| |||| 00| 0 eng d | ||
| 024 | _a33278 | ||
| 037 | _cTextual | ||
| 040 |
_aCRL _cCRL _beng |
||
| 041 |
_2eng _aeng |
||
| 082 | _aQ122:24, K0 | ||
| 245 | 0 | _aKathopnishad | |
| 260 | _c1960 | ||
| 300 |
_a220p. _ccm. |
||
| 650 | _aRELIGION | ||
| 942 |
_hQ122:24, K0 _cTEXL _2cc |
||
| 999 |
_c1045617 _d1045617 |
||